000
00288nam a2200109Ia 4500
008
220204s9999 xx 000 0 und d
082
_a
657.6
_b
PRE
245
0
_a
Preparation and audit of consolidated financial statements
260
_a
London
_b
Gee
_c
1976
650
_a
Auditing
942
_c
BK
999
_c
32841
_d
32841